| 000 | 00869nam a2200217Ia 4500 | ||
|---|---|---|---|
| 005 | 20241129111417.0 | ||
| 008 | 241129s9999||||xx |||||||||||||| ||und|| | ||
| 020 | _a978-81-904886-0-0 | ||
| 037 | _aTB | ||
| 040 |
_aCRL _bhin _cCRL |
||
| 041 |
_ahin _2hin |
||
| 084 |
_aΔ2y7M63 152Q8 _qCRL |
||
| 100 |
_aसुनील कुमार, ‘प्रिय बच्चन’, ले. _9724334 |
||
| 245 | 0 |
_aस्वामी विवेकानन्द: जीवन एवं चिन्तन _cसुनील कुमार, ‘प्रिय बच्चन’, ले. |
|
| 260 |
_aदिल्ली, भारत _bअद्वैत प्रकाशन _c2018 |
||
| 300 | _a128पृ0 | ||
| 365 |
_aINR _b250 |
||
| 650 |
_aSpirtual Experience and Mysticism _9722944 |
||
| 942 |
_cTB _hΔ2y7M63 152Q8 |
||
| 999 |
_c1230340 _d1230340 |
||